[Event "AUTO-OPEN-4628"]
[Site "http://www.queenalice.com/game.php?id=1866550"]
[Date "2025.12.4"]
[Round "1"]
[White "JailtonMaster"]
[Black "Numberzero"]
[Result "1/2-1/2"]
[WhiteElo "2231"]
[BlackElo "954"]

1. d4 e6 2. c4 Bb4+ 3. Bd2 Qe7 4. Nc3 Nc6 5. Nf3 Nf6 6. Qc2 O-O 7. e3 Bxc3 8.
Qxc3 Ne4 9. Qc2 Nxd2 10. Nxd2 d5 11. Bd3 Nb4 12. Bxh7+ Kh8 13. Qb1 Qg5 14. cxd5
Nxd5 15. Be4 Nf6 16. Bf3 Qa5 17. Qd3 Bd7 18. O-O Bb5 19. Nc4 Bxc4 20. Qxc4 c6
21. b4 Qd8 22. e4 g6 23. Rfd1 Kg7 24. d5 cxd5 25. exd5 exd5 26. Bxd5 Nxd5 27.
Rxd5 Qf6 28. Rad1 Rad8 29. Rxd8 Rxd8 30. Rxd8 Qxd8 31. Qc3+ Kg8 32. h3 b5 33.
Qc5 Qb8 34. g3 a6 35. Qc6 Qa7 36. Qe8+ Kg7 37. a4 bxa4 38. Qxa4 Qb6 39. Qb3 Kg8
40. Qc3 Qd6 41. Kh2 Qb6 42. Kg1 Qb7 43. h4 Qb5 44. g4 Qe2 45. Qc8+ Kg7 46. Qc3+
1/2-1/2

[Event "AUTO-ELITE-2602"]
[Site "http://www.queenalice.com/game.php?id=1866752"]
[Date "2025.12.8"]
[Round "1"]
[White "JailtonMaster"]
[Black "trompmaster"]
[Result "0-1"]
[WhiteElo "2190"]
[BlackElo "2442"]

1. d4 Nf6 2. c4 g6 3. Nc3 d5 4. e3 Bg7 5. Nf3 O-O 6. cxd5 Nxd5 7. Bc4 Nxc3 8.
bxc3 c5 9. O-O Nc6 10. Qe2 Qc7 11. Bb2 b6 12. Rad1 Na5 13. Bd3 Bb7 14. h3 e6 15.
e4 Rfd8 16. Rfe1 Rac8 17. Bb1 a6 18. a4 Qc6 19. d5 exd5 20. exd5 Qxa4 21. d6 Rd7
22. Rd3 Nc4 23. Red1 Bxf3 24. Rxf3 Nxb2 0-1

[Event "AUTO-ELITE-2602"]
[Site "http://www.queenalice.com/game.php?id=1866753"]
[Date "2025.12.8"]
[Round "1"]
[White "trompmaster"]
[Black "JailtonMaster"]
[Result "1-0"]
[WhiteElo "2451"]
[BlackElo "2217"]

1. d4 d5 2. Nc3 Nf6 3. Bf4 e6 4. Nb5 Na6 5. e3 c6 6. Nc3 Bd6 7. Nf3 Nc7 8. Bxd6
Qxd6 9. Bd3 O-O 10. O-O b6 11. Qe2 a6 12. e4 dxe4 13. Nxe4 Nxe4 14. Qxe4 f5 15.
Qe5 Qe7 16. Rfe1 Nd5 17. c4 Nc7 18. Bxf5 h6 19. Be4 Bb7 20. Qg3 Rac8 21. Qg6 Qf6
22. Qh7+ Kf7 23. Ne5+ Ke8 24. Bf3 Kd8 25. Qc2 Ne8 26. Qb3 b5 27. cxb5 axb5 28.
a4 Nd6 29. Qb4 Kc7 30. Qa5+ Kb8 31. Nd7# 1-0

[Event "AUTO-MASTER-3282"]
[Site "http://www.queenalice.com/game.php?id=1867136"]
[Date "2025.12.18"]
[Round "2"]
[White "JailtonMaster"]
[Black "CCapivara"]
[Result "0-1"]
[WhiteElo "2243"]
[BlackElo "2303"]

1. d4 d6 2. c4 c6 3. Nc3 Nf6 4. e4 Qa5 5. Bd3 e5 6. d5 Be7 7. Ne2 O-O 8. O-O Bg4
9. f4 cxd5 10. exd5 Nbd7 11. fxe5 Nxe5 12. Bg5 Nxd5 13. b4 Nxc3 14. Bxh7+ Kh8
0-1

[Event "AUTO-MASTER-3282"]
[Site "http://www.queenalice.com/game.php?id=1867137"]
[Date "2025.12.18"]
[Round "2"]
[White "CCapivara"]
[Black "JailtonMaster"]
[Result "0-1"]
[WhiteElo "2313"]
[BlackElo "2216"]

1. e4 e5 2. Nf3 Nc6 3. Bb5 a6 4. Bxc6 dxc6 5. O-O Bd6 6. d3 h6 7. Be3 Nf6 8.
Nbd2 O-O 9. h3 b5 10. a4 Bb7 11. a5 c5 12. Nb3 c4 13. dxc4 Bxe4 14. c5 Bxf3 15.
Qxf3 e4 16. Qe2 Be5 17. c3 Nd5 18. Rfd1 c6 19. Bd4 Qe7 20. Re1 f5 21. f3 Bxd4+
22. cxd4 Qg5 23. fxe4 Nf4 24. Qf3 fxe4 25. Rxe4 Rf6 26. Rf1 Raf8 27. Rfe1 Rg6
28. Re5 Qxg2+ 29. Qxg2 Rxg2+ 30. Kh1 Rxb2 31. Nc1 Nxh3 32. Re8 Nf2+ 33. Kg1 Nh3+
34. Kh1 b4 35. Nd3 Nf2+ 36. Nxf2 Rxf2 37. Rxf8+ Rxf8 38. Rb1 Rb8 39. Kg2 Kf7 40.
Kf3 b3 0-1

[Event "AUTO-MASTER-3291"]
[Site "http://www.queenalice.com/game.php?id=1867245"]
[Date "2025.12.18"]
[Round "1"]
[White "JailtonMaster"]
[Black "IranSilva"]
[Result "1-0"]
[WhiteElo "2223"]
[BlackElo "2258"]

1. d4 d5 2. c4 c6 3. Nc3 Nf6 4. Bg5 e6 5. e3 Be7 6. Bd3 Nbd7 7. Nf3 h6 8. Bh4
O-O 9. O-O dxc4 10. Bxc4 Nd5 11. Bxe7 Qxe7 12. e4 Nxc3 13. bxc3 c5 14. Rb1 b6
15. d5 exd5 16. Bxd5 Rb8 17. c4 Nf6 18. e5 Nh7 19. Re1 Ng5 20. Nxg5 Qxg5 21. Qf3
Bf5 22. Rb2 Rbe8 23. g3 Bg4 24. Qe4 Be6 25. f4 Qg4 26. a4 f6 27. Rbe2 fxe5 28.
Qxe5 Rf6 29. Qd6 Kf7 30. Rxe6 Rfxe6 31. f5 Qd4+ 32. Kh1 Kf6 33. fxe6 1-0

[Event "AUTO-MASTER-3291"]
[Site "http://www.queenalice.com/game.php?id=1867246"]
[Date "2025.12.18"]
[Round "1"]
[White "IranSilva"]
[Black "JailtonMaster"]
[Result "1/2-1/2"]
[WhiteElo "2281"]
[BlackElo "2222"]

1. Nf3 d5 2. d4 Nf6 3. Bf4 c5 4. e3 e6 5. c3 Bd6 6. Ne5 Bxe5 7. Bxe5 Nbd7 8. Bd6
cxd4 9. cxd4 Qb6 10. Ba3 a5 11. Nc3 Ne4 12. Nb5 Ndf6 13. f3 Bd7 14. fxe4 Bxb5
15. Bxb5+ Qxb5 16. exd5 Nxd5 17. Qe2 Qc6 18. O-O b5 19. Bc5 Ne7 20. Rac1 Qd7 21.
Bxe7 Kxe7 22. Rc5 Rab8 23. Rfc1 Rhc8 24. Rxc8 Rxc8 25. Rxc8 Qxc8 26. Qxb5 Qc1+
27. Kf2 Qc2+ 28. Qe2 Qf5+ 29. Kg3 Qg5+ 30. Kf2 Qf5+ 31. Kg3 Qg5+ 32. Kf2 Qf5+
1/2-1/2

[Event "AUTO-OPEN-4589"]
[Site "http://www.queenalice.com/game.php?id=1867516"]
[Date "2026.1.2"]
[Round "3"]
[White "JailtonMaster"]
[Black "delphicoracle"]
[Result "0-1"]
[WhiteElo "2219"]
[BlackElo "2666"]

1. d4 f5 2. c4 e6 3. Nc3 Nf6 4. Nf3 Bb4 5. e3 b6 6. Be2 Bb7 7. O-O Bxc3 8. bxc3
Ne4 9. Qc2 O-O 10. Rd1 d6 11. a4 a5 12. Rb1 Nd7 13. Ba3 Qf6 14. Nd2 Qg5 15. Nf3
Qh6 16. Nd2 Qh4 17. f3 Qf2+ 18. Kh1 Ng3+ 19. hxg3 Rf6 20. Nf1 Rh6+ 21. Nh2 Qxg3
22. Kg1 Rxh2 0-1

[Event "AUTO-ELITE-2606"]
[Site "http://www.queenalice.com/game.php?id=1867854"]
[Date "2026.1.10"]
[Round "1"]
[White "trompmaster"]
[Black "JailtonMaster"]
[Result "1-0"]
[WhiteElo "2458"]
[BlackElo "2241"]

1. d4 d5 2. c4 c6 3. cxd5 cxd5 4. Bf4 Nf6 5. Nc3 e6 6. e3 Nc6 7. Bd3 Be7 8. Rc1
O-O 9. a3 Bd6 10. Bxd6 Qxd6 11. Nf3 a6 12. O-O b5 13. e4 dxe4 14. Nxe4 Nxe4 15.
Bxe4 Bb7 16. Qc2 h6 17. Bxc6 Rac8 18. Ne5 f6 19. Qc5 Qxc5 20. Rxc5 fxe5 21. Bxb7
1-0

[Event "AUTO-ELITE-2607"]
[Site "http://www.queenalice.com/game.php?id=1867906"]
[Date "2026.1.12"]
[Round "1"]
[White "JailtonMaster"]
[Black "Sexxy_Bunny"]
[Result "0-1"]
[WhiteElo "2217"]
[BlackElo "2688"]

1. d4 Nf6 2. c4 e6 3. Nf3 d5 4. Nc3 c6 5. Bg5 h6 6. Bh4 dxc4 7. e4 g5 8. Bg3 b5
9. e5 Nd5 10. a4 Bb4 11. Qc1 Qb6 12. axb5 cxb5 13. h3 Nc6 14. Qd2 Na5 15. Qc2
Nb3 16. Ra2 Nxd4 17. Qd1 Nxc3 18. bxc3 Bxc3+ 19. Nd2 Bb7 20. Ra3 Bb4 0-1

[Event "AUTO-ELITE-2607"]
[Site "http://www.queenalice.com/game.php?id=1867907"]
[Date "2026.1.12"]
[Round "1"]
[White "Sexxy_Bunny"]
[Black "JailtonMaster"]
[Result "0-1"]
[WhiteElo "2696"]
[BlackElo "2218"]

1. e4 e5 2. Nf3 Nc6 3. Bb5 a6 4. Ba4 Nf6 5. O-O Be7 6. Re1 b5 7. Bb3 O-O 8. c3
d5 9. exd5 Nxd5 10. Nxe5 Nxe5 11. Rxe5 c6 12. d4 Bd6 13. Re1 Qh4 14. g3 Qh3 15.
Be3 Bg4 16. Qd3 Rae8 17. Nd2 Re6 18. a4 Qh5 19. axb5 axb5 20. Nf1 f5 21. Bd1 f4
22. Bxg4 Qxg4 23. Bd2 Rg6 24. Qe4 Qh3 0-1

[Event "AUTO-MASTER-3287"]
[Site "http://www.queenalice.com/game.php?id=1868221"]
[Date "2026.1.20"]
[Round "2"]
[White "chessman"]
[Black "JailtonMaster"]
[Result "0-1"]
[WhiteElo "1974"]
[BlackElo "2236"]

1. e4 e5 2. Nf3 Nc6 3. Bb5 a6 4. Bc4 Nf6 5. d3 Bc5 6. O-O O-O 7. c3 b5 8. Bb3 d6
9. d4 exd4 10. cxd4 Ba7 11. Re1 Re8 12. Bg5 h6 13. Bh4 Bg4 14. d5 Nd4 15. Nc3
Nxf3+ 16. gxf3 Bh5 17. Qe2 b4 0-1